000 01600 a2200205 4500
001 82
005 20260407155407.0
008 260407a2007 arg spa d
003 AR-UNSa-BCEJYS
040 _aAR-UNSa-BCEJYS
_bspa
_cAR-UNSa-BCEJYS
080 _a330(82)
_xEconomia Argentina
245 1 0 _aCrisis, recuperación y nuevos dilemas
_pLa economía argentina 2002-2007
264 1 _aSantiago de Chile :
_bCEPAL (Comisión Económica para América Latina y el Caribe)
_c2007
300 _a426 p.
_c28 cm
505 _a1. Crisis, recuperación y nuevos dilemas. La economía argentina 2002-2007 - 2. Macroeconomía en recuperación: la Argentina post-crisis - 3. El crecimiento reciente de la industria. Nuevo régimen sin cambio estructural - 4. Evolución reciente de la balanza comercial argentina. El desplazamiento de la restricción externa - 5. Inversión extranjera directa en la Argentina. Crisis, reestructuración y nuevas tendencias después de la convertibilidad - 6. El desarrollo agropecuario en las últimas décadas: ¿Volver a creer? - 7. La innovación en la Argentina post-devaluación. Antecedentes previos y tendencias a futuro - 8. Crecimiento económico y desigualdades territoriales en Argentina -9. El mercado de trabajo luego de la crisis. Avances y desafíos - 10. Políticas sociales en Argentina: viejos problemas, nuevos desafíos
942 _cBK
590 _aniveau_biblio:m niveau_hierar:0
100 1 _aKosacoff, Bernardo
856 4 1 _uhttps://biblioeco.unsa.edu.ar/pmb/images/libros/Crisis, recuperacion y nuevos dilemas-l117367.jpg
_yImagen de portada
_qimage/jpeg
999 _c60
_d60